000
00456nam a2200145Ia 4500
008
100204s9999 xx 000 0 und d
082
_b
7390
100
_a
कुलकर्णी नलिनी द.
245
_a
सूचिपर्णी
260
_b
"अक्षय साहित्य, पुणे 30"
_c
1983
300
_a
55
630
_a
सूचिपर्णी
730
_a
सूचिपर्णी
942
_c
BOOK
999
_c
451826
_d
451823